[Event "Paul Keres mem (35th)"]
[Site "Richmond CAN"]
[Date "2010.05.23"]
[Round "3.11"]
[White "Pokora, Lubomir"]
[Black "Soliven, Joe"]
[Result "1/2-1/2"]
[WhiteElo "1930"]
[BlackElo "2040"]
[PlyCount "150"]
[EventDate "2010.05.22"]
[EventType "swiss"]
[EventRounds "6"]
[EventCountry "CAN"]

1. e4 c6 2. d4 d5 3. e5 Bf5 4. Nf3 e6 5. Be2 c5 6. O-O Nc6 7. c3 Qc7 8. a3 c4
9. Nh4 Bxb1 10. Rxb1 Be7 11. Nf3 h6 12. b4 b6 13. Ne1 Bd8 14. f4 Nge7 15. Bg4
g6 16. Bh3 h5 17. Nf3 Nf5 18. g3 Be7 19. Rf2 h4 20. g4 Ng3 21. g5 Ne4 22. Rc2
Rh7 23. Qe1 Qd7 24. Be3 O-O-O 25. Nd2 Nxd2 26. Rxd2 Kb8 27. a4 Ka8 28. Ra2 Rb8
29. Qf1 Rc8 30. Bg4 Bd8 31. h3 Be7 32. Bf2 Qe8 33. Qe1 Qh8 34. Kf1 Kb7 35. b5
Na5 36. Bd1 Qd8 37. Bg4 Qh8 38. Bd1 Qg7 39. Be3 Rc7 40. Rg2 Rc8 41. Rg4 Rch8
42. Bf2 Bd8 43. Bf3 Rh5 44. Rg2 R5h7 45. Rg4 Rh5 46. Rg2 Be7 47. Bxh5 Rxh5 48.
Rg4 Nb3 49. Kg2 Bd8 50. Rxh4 Rxh4 51. Bxh4 Qf8 52. Rxb3 cxb3 53. Qa1 Be7 54.
Qb2 Qh8 55. Bf2 Qh5 56. Qxb3 Qe2 57. Kg3 Qd3+ 58. Kg2 Bf8 59. Qb2 Qc4 60. Qc2
a6 61. bxa6+ Kxa6 62. Be1 Ba3 63. Kf2 Ka5 64. h4 Ka6 65. Kg2 Kb7 66. Kf2 Kc6
67. Kg2 b5 68. axb5+ Qxb5 69. Kf2 Qb2 70. Qxb2 Bxb2 71. Ke2 Ba3 72. Kd2 Kb5 73.
Kc2 Kc4 74. Bd2 Bf8 75. Bc1 Be7 1/2-1/2

[Event "Paul Keres mem (35th)"]
[Site "Richmond CAN"]
[Date "2010.05.23"]
[Round "3.13"]
[White "Lane, Travis"]
[Black "Verdon, Norman"]
[Result "0-1"]
[WhiteElo "2021"]
[BlackElo "2032"]
[PlyCount "38"]
[EventDate "2010.05.22"]
[EventType "swiss"]
[EventRounds "6"]
[EventCountry "CAN"]

1. e4 c5 2. Nf3 e6 3. d4 cxd4 4. Nxd4 Nf6 5. Nc3 Nc6 6. Ndb5 Bb4 7. Bf4 O-O 8.
Nc7 e5 9. Nxa8 exf4 10. Qd3 Nxe4 11. f3 Qh4+ 12. g3 fxg3 13. Qxe4 g2+ 14. Qxh4
Re8+ 15. Kf2 gxh1=Q 16. Ne4 d5 17. Rd1 dxe4 18. Be2 e3+ 19. Kg3 Qxd1 0-1

[Event "Paul Keres mem (35th)"]
[Site "Richmond CAN"]
[Date "2010.05.23"]
[Round "4.1"]
[White "Rivas Pastor, Manuel"]
[Black "Yoos, John"]
[Result "1/2-1/2"]
[WhiteElo "2536"]
[BlackElo "2453"]
[PlyCount "34"]
[EventDate "2010.05.22"]
[EventType "swiss"]
[EventRounds "6"]
[EventCountry "CAN"]

1. e4 c5 2. Nf3 d6 3. c3 Nf6 4. h3 g6 5. Bd3 Bg7 6. Bc2 O-O 7. O-O Qc7 8. d4
Nfd7 9. a4 a6 10. Re1 b6 11. Bg5 Re8 12. Nbd2 Bb7 13. Bh4 cxd4 14. cxd4 Nc6 15.
Nf1 e5 16. Bb3 Nxd4 17. Rc1 Nc5 1/2-1/2

[Event "Paul Keres mem (35th)"]
[Site "Richmond CAN"]
[Date "2010.05.23"]
[Round "4.2"]
[White "Rohonyan, Katerina"]
[Black "Thorgeirsson, Sverrir"]
[Result "1-0"]
[WhiteElo "2329"]
[BlackElo "2218"]
[PlyCount "57"]
[EventDate "2010.05.22"]
[EventType "swiss"]
[EventRounds "6"]
[EventCountry "CAN"]

1. e4 e6 2. d4 d5 3. Nc3 Nf6 4. exd5 exd5 5. Bf4 Bf5 6. Bd3 Bxd3 7. Qxd3 c6 8.
O-O-O Be7 9. Nf3 O-O 10. Ng5 Nbd7 11. h4 Re8 12. Kb1 Nf8 13. f3 Bd6 14. Bc1 Qc7
15. Nh3 Ne6 16. Ne2 Rad8 17. g4 c5 18. dxc5 Nxc5 19. Qd2 Be5 20. Nd4 Ne6 21.
Nf5 Qb6 22. Rhe1 Qc7 23. h5 g6 24. Qh6 Kh8 25. Ng5 Rd7 26. f4 Bd6 27. hxg6 fxg6
28. Nxe6 Qc8 29. Nxd6 1-0

[Event "Paul Keres mem (35th)"]
[Site "Richmond CAN"]
[Date "2010.05.23"]
[Round "4.3"]
[White "Kyriakides, Savvas"]
[Black "Orlov, Georgi"]
[Result "0-1"]
[WhiteElo "2092"]
[BlackElo "2546"]
[PlyCount "46"]
[EventDate "2010.05.22"]
[EventType "swiss"]
[EventRounds "6"]
[EventCountry "CAN"]

1. e4 c5 2. Nf3 e6 3. d4 cxd4 4. Nxd4 Nf6 5. Nc3 d6 6. Bc4 a6 7. Bb3 Nc6 8. a4
Be7 9. Be3 O-O 10. O-O Bd7 11. Qe2 Na5 12. Ba2 Rc8 13. f3 e5 14. Nf5 Bxf5 15.
exf5 d5 16. Nxd5 Nxd5 17. Rfd1 Nxe3 18. Rxd8 Rfxd8 19. c3 Nac4 20. b3 Rd2 21.
Qe1 Nc2 22. Qe4 Nxa1 23. bxc4 Bc5+ 0-1

[Event "Paul Keres mem (35th)"]
[Site "Richmond CAN"]
[Date "2010.05.23"]
[Round "4.4"]
[White "Kostin, Andrey"]
[Black "Roua, Radu Laurentiu"]
[Result "0-1"]
[WhiteElo "2062"]
[BlackElo "2263"]
[PlyCount "74"]
[EventDate "2010.05.22"]
[EventType "swiss"]
[EventRounds "6"]
[EventCountry "CAN"]

1. e4 Nc6 2. d4 e5 3. d5 Nce7 4. Nf3 Ng6 5. Nc3 Bc5 6. Bd3 d6 7. Na4 a6 8. Nxc5
dxc5 9. O-O Nf6 10. h3 O-O 11. c4 Ne8 12. a3 a5 13. Rb1 a4 14. Ne1 Qf6 15. Bc2
Nf4 16. Bxf4 Qxf4 17. Qf3 Qxf3 18. Nxf3 f6 19. Nd2 g5 20. Kh2 Nd6 21. g3 Bd7
22. f4 h6 23. Rf2 Rf7 24. Rbf1 Raf8 25. Bd1 exf4 26. gxf4 Re7 27. Bc2 Kg7 28.
Rg2 Rg8 29. e5 fxe5 30. fxg5 h5 31. h4 e4 32. Rf4 Rge8 33. Rg1 e3 34. Nf3 Ne4
35. Bxe4 Rxe4 36. Kg3 Bg4 37. Re1 Rxf4 0-1

[Event "Paul Keres mem (35th)"]
[Site "Richmond CAN"]
[Date "2010.05.23"]
[Round "4.5"]
[White "Wu, Howard"]
[Black "Salcedo, Daniel"]
[Result "1-0"]
[WhiteElo "2187"]
[BlackElo "2084"]
[PlyCount "65"]
[EventDate "2010.05.22"]
[EventType "swiss"]
[EventRounds "6"]
[EventCountry "CAN"]

1. e4 d6 2. c4 Nf6 3. Nc3 c5 4. g3 g6 5. Bg2 Bg7 6. Nge2 O-O 7. O-O Nc6 8. d3
Bd7 9. h3 a6 10. a4 Rb8 11. Be3 Nb4 12. e5 Ne8 13. exd6 exd6 14. d4 Qc8 15.
dxc5 dxc5 16. Nf4 Nf6 17. Qd6 Nc2 18. Nfd5 Nxd5 19. Nxd5 Kh8 20. Nb6 Qd8 21.
Nxd7 Nxa1 22. Rxa1 Rc8 23. Rd1 Re8 24. Bxc5 Qa5 25. b4 Qc7 26. Nb6 Red8 27.
Nxc8 Rxd6 28. Nxd6 b6 29. Bd4 Bxd4 30. Rxd4 Qe7 31. c5 Qe1+ 32. Bf1 Qa1 33. Rc4
1-0

[Event "Paul Keres mem (35th)"]
[Site "Richmond CAN"]
[Date "2010.05.23"]
[Round "4.6"]
[White "Patterson, Roger"]
[Black "Tang, Edward"]
[Result "1/2-1/2"]
[WhiteElo "2183"]
[BlackElo "2038"]
[PlyCount "50"]
[EventDate "2010.05.22"]
[EventType "swiss"]
[EventRounds "6"]
[EventCountry "CAN"]

1. e4 e5 2. Nf3 Nc6 3. Bb5 a6 4. Ba4 Nf6 5. O-O Be7 6. Re1 b5 7. Bb3 d6 8. c3
O-O 9. h3 Bb7 10. d4 Re8 11. Nbd2 Bf8 12. a4 h6 13. Bc2 exd4 14. cxd4 Nb4 15.
Bb1 c5 16. d5 Nd7 17. Ra3 f5 18. Nh2 Nf6 19. g4 fxe4 20. g5 hxg5 21. Nxe4 Nbxd5
22. Bxg5 Be7 23. Ng3 Bf8 24. Ne4 Be7 25. Ng3 Bf8 1/2-1/2

[Event "Paul Keres mem (35th)"]
[Site "Richmond CAN"]
[Date "2010.05.23"]
[Round "4.7"]
[White "Jiganchine, Roman"]
[Black "Lai, Jingzhou (Peter)"]
[Result "1-0"]
[WhiteElo "2254"]
[BlackElo "1854"]
[PlyCount "103"]
[EventDate "2010.05.22"]
[EventType "swiss"]
[EventRounds "6"]
[EventCountry "CAN"]

1. e4 e6 2. d4 d5 3. Nd2 Nf6 4. e5 Nfd7 5. Bd3 c5 6. c3 Nc6 7. Ngf3 Qb6 8. O-O
cxd4 9. cxd4 Nxd4 10. Nxd4 Qxd4 11. Nf3 Qb6 12. Qa4 Qb4 13. Qc2 Be7 14. Bd2 Qc5
15. Qa4 O-O 16. Rac1 Qb6 17. Rxc8 Raxc8 18. Qxd7 Rc7 19. Qb5 Qxb5 20. Bxb5 b6
21. Bd3 Ra8 22. Nd4 a6 23. Rd1 h6 24. Kf1 Kf8 25. Ke2 Ke8 26. f4 Bc5 27. Nb3
Kd7 28. Rf1 Ke7 29. Rc1 Kd7 30. Kf3 g6 31. f5 exf5 32. Bxh6 Rcc8 33. Bf4 Ke6
34. h3 a5 35. a4 f6 36. exf6 Kxf6 37. h4 Bb4 38. Rd1 Ra7 39. Nd4 Bc5 40. Nb5
Rd7 41. Re1 Kf7 42. h5 Re7 43. hxg6+ Kxg6 44. Rh1 Rf7 45. g4 Re8 46. Bxf5+ Kf6
47. Nc3 Rd8 48. Rh5 Rg7 49. Bd3 Bd4 50. Nxd5+ Ke6 51. Nc7+ Kf6 52. Rf5+ 1-0

[Event "Paul Keres mem (35th)"]
[Site "Richmond CAN"]
[Date "2010.05.23"]
[Round "4.8"]
[White "Kong, Dezheng"]
[Black "Milicevic, Dragoljub"]
[Result "0-1"]
[WhiteElo "2014"]
[BlackElo "2230"]
[PlyCount "90"]
[EventDate "2010.05.22"]
[EventType "swiss"]
[EventRounds "6"]
[EventCountry "CAN"]

1. c4 f5 2. g3 g6 3. Nf3 Bg7 4. d4 Nf6 5. Bg2 O-O 6. O-O d6 7. Nc3 c6 8. d5 e5
9. dxe6 Bxe6 10. Bf4 Ne8 11. Qd3 Na6 12. Nd4 Bf7 13. Qe3 Bxc4 14. Ne6 Bxe6 15.
Qxe6+ Kh8 16. e4 Nc5 17. Qc4 Nxe4 18. Nxe4 d5 19. Qb4 fxe4 20. Qxb7 Qc8 21. Qb3
Qe6 22. Rac1 Rc8 23. f3 Rxf4 24. gxf4 Bd4+ 25. Kh1 e3 26. Rfe1 Nd6 27. Qd3 Bb6
28. a4 Qf6 29. a5 Bd4 30. Qa6 c5 31. Qxa7 Qxf4 32. Qd7 Be5 33. Qh3 c4 34. Rc2
Ra8 35. Rce2 Nf5 36. Bf1 d4 37. Qg4 d3 38. Qxf4 Bxf4 39. Rg2 Rxa5 40. Rg4 g5
41. Kg1 Nh4 42. Rxh4 gxh4 43. Kg2 Rg5+ 44. Kh3 Rg1 45. Kxh4 e2 0-1

[Event "Paul Keres mem (35th)"]
[Site "Richmond CAN"]
[Date "2010.05.23"]
[Round "4.9"]
[White "Trochtchanovitch, Pavel"]
[Black "Pokora, Lubomir"]
[Result "0-1"]
[WhiteElo "2090"]
[BlackElo "1930"]
[PlyCount "50"]
[EventDate "2010.05.22"]
[EventType "swiss"]
[EventRounds "6"]
[EventCountry "CAN"]

1. e4 e5 2. Nf3 Nf6 3. d4 Nxe4 4. Bd3 d5 5. Nxe5 Nd7 6. Qe2 Nxe5 7. Bxe4 dxe4
8. Qxe4 Be6 9. Qxe5 Qd7 10. Bf4 O-O-O 11. Qa5 Kb8 12. O-O f6 13. Na3 a6 14. c4
g5 15. Bg3 h5 16. h3 h4 17. Bh2 g4 18. d5 Bf5 19. c5 Rg8 20. d6 c6 21. Qc7+ Ka8
22. Qxd7 Bxd7 23. hxg4 Bxg4 24. Kh1 h3 25. gxh3 Bf3# 0-1

[Event "Paul Keres mem (35th)"]
[Site "Richmond CAN"]
[Date "2010.05.23"]
[Round "4.10"]
[White "Verdon, Norman"]
[Black "Moore, David"]
[Result "1-0"]
[WhiteElo "2032"]
[BlackElo "2072"]
[PlyCount "51"]
[EventDate "2010.05.22"]
[EventType "swiss"]
[EventRounds "6"]
[EventCountry "CAN"]

1. e4 c5 2. Nf3 d6 3. d4 cxd4 4. Qxd4 Nc6 5. Bb5 Bd7 6. Bxc6 Bxc6 7. Bg5 Nf6 8.
Nc3 e5 9. Qd3 Be7 10. O-O-O O-O 11. Bxf6 Bxf6 12. h4 Qa5 13. Kb1 Rac8 14. g4
Bd7 15. g5 Bd8 16. Qxd6 Rxc3 17. bxc3 Be6 18. a3 Qxc3 19. Rd3 Qc4 20. Rhd1 Qa2+
21. Kc1 Ba5 22. Qxe5 Rc8 23. Qb2 Qc4 24. Nd4 Bg4 25. f3 Bd7 26. Nb3 1-0

[Event "Paul Keres mem (35th)"]
[Site "Richmond CAN"]
[Date "2010.05.23"]
[Round "4.11"]
[White "Soliven, Joe"]
[Black "Lister, Curtis"]
[Result "1-0"]
[WhiteElo "2040"]
[BlackElo "1971"]
[PlyCount "59"]
[EventDate "2010.05.22"]
[EventType "swiss"]
[EventRounds "6"]
[EventCountry "CAN"]

1. e4 c5 2. Nf3 d6 3. d4 cxd4 4. Nxd4 Nf6 5. Nc3 a6 6. Be2 e6 7. Be3 b6 8. Qd2
Bb7 9. f3 Nbd7 10. g4 d5 11. g5 Ng8 12. exd5 exd5 13. Nf5 g6 14. Bd4 f6 15. f4
gxf5 16. Bh5+ Ke7 17. O-O-O Kd6 18. Rhe1 Be7 19. Nxd5 Bxd5 20. Bc3 Kc7 21. Qxd5
Ra7 22. Qxf5 Qc8 23. Bg4 Bd6 24. Rxd6 Kxd6 25. Rd1+ Ke7 26. gxf6+ Kd8 27. f7
Nh6 28. Bf6+ Kc7 29. Rxd7+ Kb8 30. Be5+ 1-0

[Event "Paul Keres mem (35th)"]
[Site "Richmond CAN"]
[Date "2010.05.24"]
[Round "5.1"]
[White "Yoos, John"]
[Black "Rohonyan, Katerina"]
[Result "1/2-1/2"]
[WhiteElo "2453"]
[BlackElo "2329"]
[PlyCount "84"]
[EventDate "2010.05.22"]
[EventType "swiss"]
[EventRounds "6"]
[EventCountry "CAN"]

1. e4 c6 2. d4 d5 3. e5 Bf5 4. Nf3 e6 5. Be2 Ne7 6. O-O Nd7 7. a3 Bg6 8. Nbd2
Nf5 9. b3 Be7 10. c4 O-O 11. Bb2 c5 12. dxc5 Nxc5 13. b4 Ne4 14. Qb3 Bg5 15.
Nxe4 dxe4 16. Rad1 Qe7 17. Nxg5 Qxg5 18. Rd7 Rfd8 19. Bc1 Qh4 20. g3 Qh3 21.
Qd1 Rxd7 22. Qxd7 Rf8 23. Qd1 h5 24. Bf4 Kh7 25. Re1 f6 26. Bf1 Qg4 27. Qxg4
hxg4 28. Bg2 Nd4 29. Bxe4 Bxe4 30. Rxe4 Nf3+ 31. Kf1 f5 32. Re2 Rd8 33. Ra2 g5
34. Be3 a6 35. Ke2 Kg6 36. a4 Nxe5 37. c5 Nf3 38. b5 e5 39. c6 bxc6 40. bxc6
Ng1+ 41. Kf1 Nf3 42. Ke2 Ng1+ 1/2-1/2

[Event "Paul Keres mem (35th)"]
[Site "Richmond CAN"]
[Date "2010.05.24"]
[Round "5.2"]
[White "Orlov, Georgi"]
[Black "Wu, Howard"]
[Result "1-0"]
[WhiteElo "2546"]
[BlackElo "2187"]
[PlyCount "47"]
[EventDate "2010.05.22"]
[EventType "swiss"]
[EventRounds "6"]
[EventCountry "CAN"]

1. e4 c5 2. Nf3 Nc6 3. Bb5 g6 4. O-O Bg7 5. Bxc6 dxc6 6. h3 e5 7. d3 Qc7 8. Be3
b6 9. a4 Ne7 10. a5 Ba6 11. Nc3 O-O 12. Qe2 Nc8 13. Na4 Nd6 14. b4 Nxe4 15. c4
Nd6 16. axb6 axb6 17. bxc5 bxc5 18. Nxc5 Qc8 19. Ra4 Bb7 20. Rxa8 Bxa8 21. Rb1
Nb7 22. Na4 Re8 23. Nb6 Qc7 24. Qa2 1-0

[Event "Paul Keres mem (35th)"]
[Site "Richmond CAN"]
[Date "2010.05.24"]
[Round "5.3"]
[White "Roua, Radu Laurentiu"]
[Black "Rivas Pastor, Manuel"]
[Result "1/2-1/2"]
[WhiteElo "2263"]
[BlackElo "2536"]
[PlyCount "81"]
[EventDate "2010.05.22"]
[EventType "swiss"]
[EventRounds "6"]
[EventCountry "CAN"]

1. e4 e5 2. d4 exd4 3. Qxd4 Nc6 4. Qe3 g6 5. Nc3 Bg7 6. Bd2 d6 7. O-O-O Nf6 8.
h3 O-O 9. Nf3 Re8 10. Qf4 a6 11. Bd3 b5 12. g4 Ne5 13. Nxe5 dxe5 14. Qf3 c5 15.
Bg5 Qb6 16. Bxf6 Qxf6 17. Qxf6 Bxf6 18. Nd5 Bd8 19. c4 Bd7 20. Be2 Bc6 21. Kc2
Ra7 22. Rd2 Rd7 23. Rhd1 Kg7 24. Nc3 Rxd2+ 25. Rxd2 b4 26. Rd6 Bb7 27. Nd5 Bh4
28. f3 Rd8 29. Rxd8 Bxd8 30. Ne3 Bh4 31. Ng2 Bf2 32. Kd3 Kf6 33. h4 h6 34. Bd1
Bc6 35. Ke2 Bd4 36. b3 Bd7 37. Ne3 Ke7 38. Nd5+ Ke6 39. Bc2 a5 40. Nc7+ Kd6 41.
Nd5 1/2-1/2

[Event "Paul Keres mem (35th)"]
[Site "Richmond CAN"]
[Date "2010.05.24"]
[Round "5.4"]
[White "Tang, Edward"]
[Black "Jiganchine, Roman"]
[Result "0-1"]
[WhiteElo "2038"]
[BlackElo "2254"]
[PlyCount "36"]
[EventDate "2010.05.22"]
[EventType "swiss"]
[EventRounds "6"]
[EventCountry "CAN"]

1. d4 d5 2. c4 dxc4 3. Nf3 Nf6 4. e3 e6 5. Bxc4 c5 6. O-O a6 7. Bb3 Nc6 8. Nc3
Be7 9. Qe2 cxd4 10. Rd1 O-O 11. Nxd4 Qc7 12. Nxc6 Qxc6 13. e4 b5 14. Bg5 b4 15.
Nd5 exd5 16. Bxd5 Bg4 17. f3 Nxd5 18. exd5 Qb6+ 0-1

[Event "Paul Keres mem (35th)"]
[Site "Richmond CAN"]
[Date "2010.05.24"]
[Round "5.5"]
[White "Milicevic, Dragoljub"]
[Black "Soliven, Joe"]
[Result "0-1"]
[WhiteElo "2230"]
[BlackElo "2040"]
[PlyCount "90"]
[EventDate "2010.05.22"]
[EventType "swiss"]
[EventRounds "6"]
[EventCountry "CAN"]

1. Nf3 d5 2. c4 c6 3. g3 Nf6 4. Bg2 e6 5. b3 Bd6 6. Bb2 Nbd7 7. d4 b6 8. O-O
Bb7 9. Nc3 Rc8 10. cxd5 exd5 11. Nh4 g6 12. e4 dxe4 13. Nxe4 Nxe4 14. Bxe4 O-O
15. f4 Ba6 16. Rf2 Nf6 17. Bg2 Re8 18. Rc2 Nd5 19. Bxd5 cxd5 20. Rac1 Rxc2 21.
Rxc2 Bxf4 22. Ng2 Bg5 23. Qf3 Re4 24. h4 Bh6 25. Qc3 Qd7 26. Qc7 Qg4 27. Qd8+
Kg7 28. Ba3 Be3+ 29. Kh2 Kh6 30. Qf8+ Kh5 31. Qxf7 Bc8 32. Qxh7+ Bh6 33. Bc1
Qh3+ 34. Kg1 g5 35. Bxg5 Qxg3 36. Qxh6+ Kg4 37. Be3 Kh3 38. Qf4 Rxf4 39. Bxf4
Qf3 40. Rf2 Qd1+ 41. Rf1 Qxd4+ 42. Be3 Qg4 43. Rf2 Ba6 44. Rd2 Bd3 45. Bg5 Be4
0-1

[Event "Paul Keres mem (35th)"]
[Site "Richmond CAN"]
[Date "2010.05.24"]
[Round "5.6"]
[White "Thorgeirsson, Sverrir"]
[Black "Verdon, Norman"]
[Result "1-0"]
[WhiteElo "2218"]
[BlackElo "2032"]
[PlyCount "117"]
[EventDate "2010.05.22"]
[EventType "swiss"]
[EventRounds "6"]
[EventCountry "CAN"]

1. d4 Nf6 2. c4 e6 3. g3 Bb4+ 4. Bd2 Be7 5. Bg2 d5 6. Nf3 O-O 7. Qc2 Nc6 8. O-O
Ne4 9. Bc3 Bf6 10. Rd1 Re8 11. b3 Nxc3 12. Nxc3 Nb4 13. Qb2 c6 14. Rac1 g6 15.
e4 Bg7 16. a3 Na6 17. Qa2 Nc7 18. e5 Qe7 19. b4 Bd7 20. c5 b5 21. Qb2 a5 22.
Ra1 Reb8 23. Nd2 f6 24. exf6 Bxf6 25. Nf3 Qg7 26. Ne2 axb4 27. axb4 Ra4 28. Nf4
Rba8 29. Nd3 g5 30. g4 Be8 31. Nfe5 R8a6 32. Bf1 Bg6 33. Rxa4 bxa4 34. Nc1 a3
35. Qa1 Nb5 36. Nxc6 Qb7 37. Ne5 Ra4 38. c6 Qb6 39. Nd7 Qxc6 40. Nxf6+ Kg7 41.
Bxb5 Qxb5 42. Nh5+ Kh6 43. Na2 Qe2 44. h3 Qb2 45. Ng3 e5 46. dxe5 Bc2 47. Nf5+
Kg6 48. Re1 Bb3 49. Nc3 Rxb4 50. Qxb2 axb2 51. e6 d4 52. e7 Bf7 53. Nb1 Be8 54.
Nd6 Rb8 55. Nxe8 Rxe8 56. Kg2 h6 57. Kf3 Kf6 58. Re4 Kf7 59. Ke2 1-0

[Event "Paul Keres mem (35th)"]
[Site "Richmond CAN"]
[Date "2010.05.24"]
[Round "5.7"]
[White "Pokora, Lubomir"]
[Black "Patterson, Roger"]
[Result "1/2-1/2"]
[WhiteElo "1930"]
[BlackElo "2183"]
[PlyCount "44"]
[EventDate "2010.05.22"]
[EventType "swiss"]
[EventRounds "6"]
[EventCountry "CAN"]

1. e4 c5 2. Nc3 Nc6 3. g3 g6 4. Bg2 Bg7 5. d3 e6 6. f4 Nge7 7. Nf3 d5 8. O-O
O-O 9. h3 Rb8 10. a3 b5 11. e5 f6 12. exf6 Bxf6 13. Qe1 Nf5 14. Nd1 Nfd4 15.
Ne3 Nxf3+ 16. Rxf3 Nd4 17. Rf2 Nf5 18. Nxf5 exf5 19. Re2 Qd6 20. Rb1 Bd7 21.
Bd2 Rfe8 22. Bf3 Rxe2 1/2-1/2

[Event "Paul Keres mem (35th)"]
[Site "Richmond CAN"]
[Date "2010.05.24"]
[Round "5.8"]
[White "Kyriakides, Savvas"]
[Black "Kostin, Andrey"]
[Result "0-1"]
[WhiteElo "2092"]
[BlackElo "2062"]
[PlyCount "80"]
[EventDate "2010.05.22"]
[EventType "swiss"]
[EventRounds "6"]
[EventCountry "CAN"]

1. e4 e5 2. Nf3 Nc6 3. Bb5 a6 4. Ba4 Nf6 5. O-O Be7 6. Re1 b5 7. Bb3 d6 8. c3
O-O 9. d3 h6 10. Nbd2 Re8 11. Nf1 Bf8 12. Ng3 g6 13. a4 b4 14. Bd2 d5 15. cxb4
Nxb4 16. exd5 Nxd3 17. Re3 Nc5 18. Bc4 e4 19. b4 Ncd7 20. Nd4 Nb6 21. Qe2 Nxc4
22. Qxc4 Qxd5 23. Qxd5 Nxd5 24. Rxe4 Rxe4 25. Nxe4 Bg7 26. Be3 Nxb4 27. Rc1 Nd5
28. Nc6 Bd7 29. Bd2 Re8 30. Ng3 h5 31. Kf1 Re6 32. Nb4 Nxb4 33. Bxb4 Bxa4 34.
Rxc7 h4 35. Ne2 Bb5 36. Rc2 Bd4 37. Ba5 Bb6 38. Bxb6 Rxb6 39. Ke1 Re6 40. Kd1
Ba4 0-1

[Event "Paul Keres mem (35th)"]
[Site "Richmond CAN"]
[Date "2010.05.24"]
[Round "5.10"]
[White "Molden, Leonard"]
[Black "Trochtchanovitch, Pavel"]
[Result "0-1"]
[WhiteElo "1997"]
[BlackElo "2090"]
[PlyCount "60"]
[EventDate "2010.05.22"]
[EventType "swiss"]
[EventRounds "6"]
[EventCountry "CAN"]

1. e4 e5 2. Nf3 Nc6 3. c3 Nf6 4. d3 d5 5. Qc2 a6 6. b4 d4 7. a3 dxc3 8. Nxc3 h6
9. h3 Bd6 10. Be3 Be6 11. Be2 Qe7 12. Na4 Nd7 13. Rc1 O-O 14. Nc5 Bxc5 15. Bxc5
Nxc5 16. Qxc5 Qf6 17. O-O Rac8 18. a4 Rfd8 19. b5 axb5 20. axb5 Nd4 21. Nxd4
Rxd4 22. Qa7 Qg5 23. Kh2 Qf4+ 24. g3 Qd2 25. Bg4 Rxd3 26. Bxe6 fxe6 27. Rcd1
Qe2 28. Rxd3 Qxf1 29. Qxb7 Qxf2+ 30. Kh1 Rf8 0-1

[Event "Paul Keres mem (35th)"]
[Site "Richmond CAN"]
[Date "2010.05.24"]
[Round "6.1"]
[White "Yoos, John"]
[Black "Orlov, Georgi"]
[Result "1/2-1/2"]
[WhiteElo "2453"]
[BlackElo "2546"]
[PlyCount "34"]
[EventDate "2010.05.22"]
[EventType "swiss"]
[EventRounds "6"]
[EventCountry "CAN"]

1. e4 c5 2. Nf3 e6 3. d4 cxd4 4. Nxd4 a6 5. Bd3 Qc7 6. Qe2 d6 7. O-O Nf6 8. c4
Be7 9. b3 Nc6 10. Bb2 O-O 11. Nd2 Bd7 12. Rac1 Nxd4 13. Bxd4 Bc6 14. f4 e5 15.
Bb2 exf4 16. Rxf4 Nd7 17. Rcf1 Ne5 1/2-1/2

[Event "Paul Keres mem (35th)"]
[Site "Richmond CAN"]
[Date "2010.05.24"]
[Round "6.2"]
[White "Rohonyan, Katerina"]
[Black "Roua, Radu Laurentiu"]
[Result "1/2-1/2"]
[WhiteElo "2329"]
[BlackElo "2263"]
[PlyCount "50"]
[EventDate "2010.05.22"]
[EventType "swiss"]
[EventRounds "6"]
[EventCountry "CAN"]

1. e4 Nc6 2. Nf3 e5 3. Nc3 Nf6 4. g3 d6 5. Bg2 Bd7 6. O-O Qc8 7. Nd5 Nxd5 8.
exd5 Nd8 9. d4 f6 10. Re1 Be7 11. dxe5 fxe5 12. Nd2 O-O 13. Ne4 a5 14. c4 b6
15. Be3 Bg4 16. Qc2 Qf5 17. Rac1 Bf3 18. Nd2 Bxg2 19. Qxf5 Rxf5 20. Kxg2 Bg5
21. Ne4 Bxe3 22. fxe3 h6 23. Rf1 Rxf1 24. Kxf1 Nb7 25. Ke2 Kf7 1/2-1/2

[Event "Paul Keres mem (35th)"]
[Site "Richmond CAN"]
[Date "2010.05.24"]
[Round "6.3"]
[White "Rivas Pastor, Manuel"]
[Black "Soliven, Joe"]
[Result "1-0"]
[WhiteElo "2536"]
[BlackElo "2040"]
[PlyCount "73"]
[EventDate "2010.05.22"]
[EventType "swiss"]
[EventRounds "6"]
[EventCountry "CAN"]

1. h3 d5 2. d3 c5 3. Nd2 Nc6 4. e4 e6 5. Ngf3 b6 6. c3 f5 7. exf5 e5 8. g4 h5
9. Bg2 hxg4 10. hxg4 Rxh1+ 11. Bxh1 Bd6 12. Nf1 Nce7 13. Bg5 Bb7 14. Qa4+ Qd7
15. Qxd7+ Kxd7 16. O-O-O Nf6 17. Bxf6 gxf6 18. Ng3 Rh8 19. Bg2 Bc6 20. Nh5 Rh6
21. Rh1 Kc7 22. Nd2 b5 23. b3 c4 24. bxc4 bxc4 25. dxc4 Ba3+ 26. Kb1 Rh8 27.
Nxf6 Rb8+ 28. Kc2 Rb2+ 29. Kd1 d4 30. Bxc6 dxc3 31. Be4 Rxd2+ 32. Ke1 Bb4 33.
Rh7 Rxa2 34. Nd5+ Kd8 35. Nxb4 Rb2 36. Nc2 Rb1+ 37. Ke2 1-0

[Event "Paul Keres mem (35th)"]
[Site "Richmond CAN"]
[Date "2010.05.24"]
[Round "6.4"]
[White "Jiganchine, Roman"]
[Black "Thorgeirsson, Sverrir"]
[Result "1-0"]
[WhiteElo "2254"]
[BlackElo "2218"]
[PlyCount "75"]
[EventDate "2010.05.22"]
[EventType "swiss"]
[EventRounds "6"]
[EventCountry "CAN"]

1. e4 e6 2. d4 d5 3. Nd2 Nf6 4. e5 Nfd7 5. Bd3 c5 6. c3 Nc6 7. Ngf3 g6 8. O-O
Bg7 9. Re1 O-O 10. Nf1 cxd4 11. cxd4 Re8 12. b3 f6 13. exf6 Bxf6 14. Bb2 b6 15.
Rc1 Bb7 16. Ne3 Bg7 17. Ng4 Rc8 18. Qe2 Qe7 19. Bb1 Nf6 20. Nge5 Nxe5 21. Nxe5
Qd6 22. h3 Rxc1 23. Rxc1 Rf8 24. Qe3 Ne4 25. Nf3 Rd8 26. Bd3 Qd7 27. Ba3 Rc8
28. Ne5 Qe8 29. Rxc8 Qxc8 30. Qf4 Qe8 31. Bb5 Bxe5 32. Qxe5 Qf7 33. f3 Nf6 34.
Qb8+ Kg7 35. Qxa7 Nh5 36. Bd6 Bc8 37. Be5+ Kg8 38. Qxb6 1-0

[Event "Paul Keres mem (35th)"]
[Site "Richmond CAN"]
[Date "2010.05.24"]
[Round "6.5"]
[White "Wu, Howard"]
[Black "Pokora, Lubomir"]
[Result "1-0"]
[WhiteElo "2187"]
[BlackElo "1930"]
[PlyCount "43"]
[EventDate "2010.05.22"]
[EventType "swiss"]
[EventRounds "6"]
[EventCountry "CAN"]

1. e4 e5 2. Nf3 Nf6 3. Nxe5 d6 4. Nf3 Nxe4 5. Nc3 Nxc3 6. dxc3 Be7 7. Bc4 Nd7
8. Be3 O-O 9. O-O c6 10. Bb3 Nc5 11. Bxc5 dxc5 12. Ne5 Qc7 13. Re1 Bf6 14. Nxf7
g6 15. Qd6 Qxd6 16. Nxd6+ Kh8 17. a4 b6 18. Rad1 Ba6 19. Be6 b5 20. axb5 Bxb5
21. Nf7+ Kg7 22. Rd7 1-0

[Event "Paul Keres mem (35th)"]
[Site "Richmond CAN"]
[Date "2010.05.24"]
[Round "6.6"]
[White "Kostin, Andrey"]
[Black "Ingram, Richard"]
[Result "1/2-1/2"]
[WhiteElo "2062"]
[BlackElo "2033"]
[PlyCount "73"]
[EventDate "2010.05.22"]
[EventType "swiss"]
[EventRounds "6"]
[EventCountry "CAN"]

1. e4 c6 2. Nc3 d5 3. Nf3 Bg4 4. h3 Bxf3 5. Qxf3 e6 6. d3 Nf6 7. g3 Nbd7 8. Bg2
Bd6 9. O-O O-O 10. Qd1 Qb6 11. Kh2 Rad8 12. f4 dxe4 13. Nxe4 Nxe4 14. Bxe4 f5
15. Bg2 e5 16. fxe5 Bxe5 17. c3 Qc7 18. Qf3 f4 19. gxf4 Bd6 20. Kh1 Rf5 21. Qg4
Rdf8 22. Be4 R5f7 23. f5 Kh8 24. Bf4 Nf6 25. Bxd6 Qxd6 26. Qf4 Qd7 27. Qe3 Ne8
28. Qxa7 g6 29. Qe3 gxf5 30. Bg2 Re7 31. Qg5 Re2 32. Rae1 Qxd3 33. Rxe2 Qxe2
34. Qg3 Rg8 35. Qh2 Rg5 36. Qg1 h6 37. Qf2 1/2-1/2